00397 2200169 4500245004000000020002200040250001100062110001300073700002000086650001900106005001900125260002400144041001400168084001000182300002600192336000900218 aRuang Terbuka HijaucTim PPLHhText a978-602-8193-39-9 aCet. 1 aTim PPLH aYesi Setia Dewi aIlmu Kehutanan a20230303093527 aJakartabCV Ricardo aIndonesia a634.9 avi, 26 hlm. :c21 cm. atext